000 00310nam a2200133Ia 4500
100 _aMontgomery/ Douglas/ C.
942 _cBK
654 _astatistical
245 _aIntroduction to statistical quality control
260 _bJohn Wiley
_c2001
082 _a658.562
_bMON
300 _a795
546 _aENGLISH
999 _c31347
_d31347